| 000 | 00662nam a2200217 a 4500 | ||
|---|---|---|---|
| 005 | 20240702063835.0 | ||
| 008 | 010606s2000 es r 000 0 spa d | ||
| 020 | _a8433013343 | ||
| 035 | _aUPN01000107620 | ||
| 049 | _aCG | ||
| 050 | 4 |
_aLB1779 _bM2.2 2000 |
|
| 100 | 1 |
_aMartínez Martín, Miquel _931198 |
|
| 245 | 1 | 3 |
_aEl contrato moral del profesorado : _bcondiciones para una nueva escuela / _cMiguel Martínez Martín. |
| 250 | _a2a ed. | ||
| 260 |
_aBilbao, Esp. : _bDesclée de Brouwer, _c2000. |
||
| 300 | _a134 p. | ||
| 440 | 0 | _aAprender a ser | |
| 650 | 4 |
_aEducación moral _91396 |
|
| 650 | 4 |
_aMaestros _xÉtica profesional _9760 |
|
| 905 | _aLibro | ||
| 999 |
_c81532 _d81532 |
||